书目信息 |
| 题名: |
世界杯神话
|
|
| 作者: | 王增杰 主编 ;王鹏 , 阿函 执笔 | |
| 分册: | ||
| 出版信息: | 北京 新华出版社 2006 |
|
| 页数: | 210页 | |
| 开本: | 23cm | |
| 丛书名: | ||
| 单 册: | ||
| 中图分类: | G843.732 | |
| 科图分类: | ||
| 主题词: | 足球运动--杯赛--世界--通俗读物 , 足球运动 , 杯赛 | |
| 电子资源: | ||
| ISBN: | 7-5011-7483-0 | |
| 000 | 00987nam0 2200277 450 | |
| 001 | 1238132249 | |
| 005 | 20121016103555.32 | |
| 010 | @a7-5011-7483-0@dCNY28.00 | |
| 100 | @a20070108d2006 em y0chiy50 ea | |
| 101 | 0 | @achi |
| 102 | @aCN@b110000 | |
| 105 | @aa z 000yd | |
| 200 | 1 | @a世界杯神话@Ashi jie bei shen hua@e足球史上最震憾人心的故事@f王增杰主编@g王鹏,阿函等执笔 |
| 210 | @a北京@c新华出版社@d2006 | |
| 215 | @a210页@c照片,图@d23cm | |
| 330 | @a该书详细记载了阿根廷与英格兰、意大利与巴西等“十大世仇”系列及幕后故事,还收录了贝利、马拉多纳、贝克汉姆等足球巨星的传奇与神话故事。 | |
| 517 | 1 | @a足球史上最震憾人心的故事@Azu qiu shi shang zui zhen han ren xin de gu shi |
| 606 | 0 | @a足球运动@x杯赛@y世界@j通俗读物 |
| 606 | 0 | @a足球运动 |
| 606 | 0 | @a杯赛 |
| 690 | @aG843.732@v4 | |
| 701 | 0 | @a王增杰@Awang zeng jie@4主编 |
| 702 | 0 | @a王鹏@Awang peng@c(足球)@4执笔 |
| 702 | 0 | @a阿函@Aa han@4执笔 |
| 801 | 0 | @aCN@bNLC@c20101222 |
| 905 | @a10447@dG843.732@eJY308 | |
| 世界杯神话:足球史上最震憾人心的故事/王增杰主编/王鹏,阿函等执笔.-北京:新华出版社,2006 |
| 210页:照片,图;23cm |
| ISBN 7-5011-7483-0:CNY28.00 |
| 该书详细记载了阿根廷与英格兰、意大利与巴西等“十大世仇”系列及幕后故事,还收录了贝利、马拉多纳、贝克汉姆等足球巨星的传奇与神话故事。 |
| ● |
| 相关链接 |
|
|
|
|
正题名:世界杯神话
索取号:G843.732/JY308
 
预约/预借
| 序号 | 登录号 | 条形码 | 馆藏地/架位号 | 状态 | 备注 |
| 1 | 7828740 | 278287408 | 学院路分馆/ [索取号:G843.732/JY308] | 在馆 | |
| 2 | 7828741 | 278287417 | 学院路分馆/ [索取号:G843.732/JY308] | 在馆 | |
| 3 | 7828742 | 278287426 | 学院路分馆/ [索取号:G843.732/JY308] | 在馆 | |
| 4 | 7828743 | 278287435 | 学院路分馆/ [索取号:G843.732/JY308] | 在馆 |